Cloning of a sphingomonas paucimobilis SYK-6 gene encoding a novel oxygenase that cleaves lignin-related biphenyl and characterization of the enzyme /
Enregistré dans:
| Autres auteurs: | , , , , , , , |
|---|---|
| Format: | Article |
| Langue: | English |
| Sujets: | |
| Tags: |
Ajouter un tag
Pas de tags, Soyez le premier à ajouter un tag!
|
| Thư viện lưu trữ: | Thư viện Trường Đại học Đà Lạt |
|---|
| LEADER | 01219nam a2200385 4500 | ||
|---|---|---|---|
| 001 | DLU090091596 | ||
| 005 | ##20091201 | ||
| 040 | # | # | |a DLU |b eng |
| 041 | # | # | |a eng |
| 044 | # | # | |a us |
| 245 | # | # | |a Cloning of a sphingomonas paucimobilis SYK-6 gene encoding a novel oxygenase that cleaves lignin-related biphenyl and characterization of the enzyme / |c Xue Peng ... [et al.]. |
| 653 | # | # | |a Aromatic compounds |
| 653 | # | # | |a Characterization |
| 653 | # | # | |a Enzymatic activity |
| 653 | # | # | |a Molecular cloning |
| 653 | # | # | |a Ring cleavage |
| 653 | # | # | |a Sphingomonas paucimobilis |
| 700 | # | # | |a Egashira, Takashi. |
| 700 | # | # | |a Fukuda, Masao. |
| 700 | # | # | |a Hanashiro, Kaoru. |
| 700 | # | # | |a Katayama, Yoshihiro. |
| 700 | # | # | |a Kimbara, Kazuhide. |
| 700 | # | # | |a Masai, Eiji. |
| 700 | # | # | |a Nishikawa, Seiji. |
| 700 | # | # | |a Peng, Xue. |
| 773 | # | # | |t Applied and Environmental Microbiology |g Vol. 64, no. 7 (July 1998), p. 2520-2527 |
| 920 | # | # | |a Phòng Tạp chí -- Trung tâm Thông tin - Thư viện Trường Đại học Đà Lạt |
| 994 | # | # | |a DLU |
| 900 | # | # | |a True |
| 911 | # | # | |a Trương Bảo Trâm Anh |
| 925 | # | # | |a G |
| 926 | # | # | |a A |
| 927 | # | # | |a BB |
| 980 | # | # | |a Thư viện Trường Đại học Đà Lạt |